South Carolina Basketball: Top 10 All-Time Leaders - Statistics

General Stats
  • This quiz has been taken 3 times
    1 since last reset
  • The average score is 5 of 93
Answer Stats
Category # Player Amount % Correct
Points 2 Alex English 1,972
100%
Rebounds 3 Alex English 1,064
100%
Blocks 5 Alex English 223
100%
Field Goal Percent 3 Alex English 53.8%
100%
Points Per Game 6 Alex English 17.8
100%
Assists 4 Aaron Lucas 451
0%
Games T10 Aaron Lucas 123
0%
Three Pointers Made 8 A.J. Lawson 164
0%
Points 10 Art Whisnant 1,505
0%
Points Per Game 5 Art Whisnant 19.1
0%
Assists 6 Barry Manning 437
0%
Steals 3 Barry Manning 223
0%
Points 1 B.J. Mckie 2,119
0%
Assists 10 B.J. Mckie 382
0%
Steals T6 B.J. Mckie 165
0%
Three Pointers Made 3 B.J. Mckie 216
0%
Points Per Game 9 B.J. Mckie 17.2
0%
Games T10 B.J. Mckie 123
0%
Three Pointers Made 10 Brandis Raley-Ross 147
0%
Rebounds 8 Brandon Wallace 778
0%
Blocks 2 Brandon Wallace 250
0%
Games 2 Brandon Wallace 135
0%
Three Pointers Made 6 Brenton Williams 169
0%
Field Goal Percent 8 Brian Winters 49.9%
0%
Points 8 Carlos Powell 1,541
0%
Steals 10 Carlos Powell 141
0%
Games T5 Carlos Powell 132
0%
Field Goal Percent 2 Cedrick Hordges 54.2%
0%
Points Per Game 4 Cedrick Hordges 19.7
0%
Points 9 Chris Silva 1,509
0%
Rebounds 6 Chris Silva 876
0%
Blocks 6 Chris Silva 186
0%
Games T3 Chris Silva 134
0%
Assists 7 Chuck Eidson 428
0%
Steals 2 Chuck Eidson 272
0%
Blocks 3 Danny Traylor 235
0%
Rebounds 10 Darryl Martin 758
0%
Field Goal Percent 6 Darryl Martin 51.6%
0%
Points 5 Devan Downey 1,901
0%
Assists 8 Devan Downey 420
0%
Steals 1 Devan Downey 277
0%
Three Pointers Made 5 Devan Downey 174
0%
Points Per Game 3 Devan Downey 20.2
0%
Three Pointers Made 2 Duane Notice 219
0%
Games 1 Duane Notice 138
0%
Points Per Game 1 Grady Wallace 28.0
0%
Assists 2 Jack Gilloon 518
0%
Three Pointers Made 1 Jamel Bradley 264
0%
Steals 8 Jamie Watson 152
0%
Blocks 4 Jeff Roulston 226
0%
Points 6 Jim Foster 1,745
0%
Rebounds 5 Jim Foster 1,000
0%
Field Goal Percent 1 Jim Foster 59.6%
0%
Field Goal Percent 4 Joe Rhett 53.2%
0%
Rebounds 4 Joe Smith 1,001
0%
Points 4 John Roche 1,910
0%
Points Per Game 2 John Roche 22.5
0%
Points Per Game 8 Kevin Joyce 17.3
0%
Games T10 Laimonas Chatkevicius 123
0%
Three Pointers Made 9 Larry Davis 152
0%
Rebounds 1 Lee Collins 1,159
0%
Games 8 Maik Kotsar 131
0%
Assists 1 Melvin Watson 543
0%
Steals 5 Melvin Watson 194
0%
Games 9 Michael Boynton 125
0%
Rebounds 7 Michael Carrera 800
0%
Assists 5 Michael Foster 440
0%
Steals T6 Michael Foster 165
0%
Blocks 7 Mike Brittain 160
0%
Points 7 Mike Dunleavy 1,586
0%
Field Goal Percent 10 Mike Dunleavy 48.4%
0%
Games T5 Mindaugas Kacinas 132
0%
Field Goal Percent 9 Nate Davis 49.2%
0%
Blocks 10 Renaldo Balkman 112
0%
Points Per Game 10 Ronnie Collins 17.0
0%
Blocks 8 Ryan Stack 124
0%
Blocks 1 Sam Muldrow 275
0%
Points 3 Sindarius Thornwell 1,941
0%
Assists 9 Sindarius Thornwell 390
0%
Steals 4 Sindarius Thornwell 199
0%
Three Pointers Made 4 Sindarius Thornwell 179
0%
Games T5 Sindarius Thornwell 132
0%
Points Per Game 7 Skip Harlicka 17.5
0%
Steals 9 Tarence Kinsey 143
0%
Games T10 Tarence Kinsey 123
0%
Rebounds 2 Tom Owens 1,116
0%
Field Goal Percent 7 Tom Owens 50.1%
0%
Rebounds 9 Tom Riker 774
0%
Field Goal Percent 5 Tom Riker 51.7%
0%
Blocks 9 Tony Kitchings 123
0%
Assists 3 Tre Kelley 510
0%
Three Pointers Made 7 Tre Kelley 167
0%
Games T3 Tre Kelley 134
0%
No matching quizzes found
Score Distribution
Percent of People with Each Score
Percentile by Number Answered
Your Score History
You have not taken this quiz since the last reset